000 00697nam a22002177a 4500
003 UA-OsUOA
001 131391
007 ta
008 20180604b un ||||| |||| 00| 0 ukr d
100 _aВасильєва Л. П.
090 _a81
_bВ19
942 _cSA
040 _aUA-OsUOA
_bukr
_cUA-OsUOA
_dUA-OsUOA
245 _aТермінологічні дослідження в південнослов'янських країнах: напрями, перспективи
300 _aС.24-36
955 _a0
041 _aukr
080 _a81
773 0 _w131389
650 7 _a8 Мовознавство. Художня література. Літературознавство
_2UDC
999 _c420084
_d420084